<?xml version="1.0" encoding="UTF-8"?><?xml-stylesheet type="text/xsl" href="static/style.xsl"?><OAI-PMH xmlns="http://www.openarchives.org/OAI/2.0/" xmlns:xsi="http://www.w3.org/2001/XMLSchema-instance" xsi:schemaLocation="http://www.openarchives.org/OAI/2.0/ http://www.openarchives.org/OAI/2.0/OAI-PMH.xsd"><responseDate>2026-04-14T05:02:26Z</responseDate><request verb="GetRecord" identifier="oai:www.recercat.cat:20.500.12328/1289" metadataPrefix="marc">https://recercat.cat/oai/request</request><GetRecord><record><header><identifier>oai:recercat.cat:20.500.12328/1289</identifier><datestamp>2025-05-16T12:46:58Z</datestamp><setSpec>com_2072_67741</setSpec><setSpec>col_2072_484352</setSpec></header><metadata><record xmlns="http://www.loc.gov/MARC21/slim" xmlns:dcterms="http://purl.org/dc/terms/" xmlns:xsi="http://www.w3.org/2001/XMLSchema-instance" xmlns:doc="http://www.lyncode.com/xoai" xsi:schemaLocation="http://www.loc.gov/MARC21/slim http://www.loc.gov/standards/marcxml/schema/MARC21slim.xsd">
   <leader>00925njm 22002777a 4500</leader>
   <datafield ind2=" " ind1=" " tag="042">
      <subfield code="a">dc</subfield>
   </datafield>
   <datafield ind2=" " ind1=" " tag="720">
      <subfield code="a">Méndiz Noguero, Alfonso</subfield>
      <subfield code="e">author</subfield>
   </datafield>
   <datafield ind2=" " ind1=" " tag="260">
      <subfield code="c">2014-01</subfield>
   </datafield>
   <datafield ind2=" " ind1=" " tag="520">
      <subfield code="a">Los actuales libros sobre Historia de la publicidad difieren en su estructura y fundamentación histórica.&#xd;
En este artículo se estudian los primeros libros publicados sobre la materia (entre 1874 y 1968) para&#xd;
descubrir dónde sitúan el origen de la publicidad, qué esquema de periodización emplean y qué concepto&#xd;
de publicidad asumen para consolidar el primer fundamento científico en este campo</subfield>
   </datafield>
   <datafield ind2=" " ind1=" " tag="520">
      <subfield code="a">Nowadays books about history of advertising differ in structure and historical foundation. In this paper&#xd;
we study the first books published about the subject (between 1874 and 1968) to discover where the&#xd;
origins of advertising lies, what periodization scheme are used and which advertising concepts are assumed&#xd;
to consolidate first scientific basis in this field.</subfield>
   </datafield>
   <datafield ind1="8" ind2=" " tag="024">
      <subfield code="a">Méndiz Noguero, Alfonso. «Cómo se ha escrito la “Historia de la Publicidad”: Fundamentos historiográficos y esquema de periodización». Historia y Comunicación Social, 2014, vol 19, p. 195-207. Disponible en: &lt;https://revistas.ucm.es/index.php/HICS/article/view/44951>. Fecha de acceso: 07 nov. 2019. DOI: 10.5209/rev_HICS.2014.v19.44951</subfield>
   </datafield>
   <datafield ind1="8" ind2=" " tag="024">
      <subfield code="a">1137-0734</subfield>
   </datafield>
   <datafield ind1="8" ind2=" " tag="024">
      <subfield code="a">http://hdl.handle.net/20.500.12328/1289</subfield>
   </datafield>
   <datafield ind1="8" ind2=" " tag="024">
      <subfield code="a">https://doi.org/10.5209/rev_HICS.2014.v19.44951</subfield>
   </datafield>
   <datafield tag="653" ind2=" " ind1=" ">
      <subfield code="a">Publicitat--Història</subfield>
   </datafield>
   <datafield tag="653" ind2=" " ind1=" ">
      <subfield code="a">Advertising--History</subfield>
   </datafield>
   <datafield tag="653" ind2=" " ind1=" ">
      <subfield code="a">Publicidad--Historia</subfield>
   </datafield>
   <datafield tag="653" ind2=" " ind1=" ">
      <subfield code="a">Historiografia</subfield>
   </datafield>
   <datafield tag="653" ind2=" " ind1=" ">
      <subfield code="a">Historiography</subfield>
   </datafield>
   <datafield tag="653" ind2=" " ind1=" ">
      <subfield code="a">Historiografía</subfield>
   </datafield>
   <datafield ind2="0" ind1="0" tag="245">
      <subfield code="a">Cómo se ha escrito la “Historia de la Publicidad”: Fundamentos historiográficos y esquema de periodización</subfield>
   </datafield>
</record></metadata></record></GetRecord></OAI-PMH>